• 首页
  • 本馆介绍
  • 公告通知
  • 最新文献
  • 馆藏检索
  • 电子资源
  • 读者导购
  • 参考咨询
  • 我的图书馆
  • 登录
  • 详细信息显示
  • 放入我的书架
  • 预约/预借图书
  • 作者相关作品
  • 分类相关作品
  • 丛书相关作品
  • 出版社相关作品

书目信息

  • 表格格式
  • 工作单格式
  • 卡片格式
题名:
怎样当好党委书记
    
 
作者: 赵晶 主编
分册:  
出版信息: 北京   中国时代经济出版社  2002
页数: 452页
开本: 20cm
丛书名: 实用领导艺术丛书
单 册:
中图分类: C933.2
科图分类:
主题词: 党的领导 , 领导艺术
电子资源:
ISBN: 7-80169-354-X
000 00900nam0 2200289 45
001 002211667
005 20031219104122.3
010    @a7-80169-354-X@dCNY28.00
100    @a20021216e20032002em y0chiy0110 ea
101 0  @achi
102    @aCN@b110000
105    @ay z 000yy
106    @ar
200 1  @a怎样当好党委书记@9zen yang dang hao dang wei shu ji@f赵晶主编
210    @a北京@c中国时代经济出版社@d2002@h2003重印
215    @a452页@d20cm
225 2  @a实用领导艺术丛书
330    @a本书对党委书记自身的思想素质、本职工作,以及党委书记的领导艺术、用人原则、决策方法等进行了详细的说明。
461  0 @1001002310540@1@12001 @a实用领导艺术丛书
601 02 @a中国共产党@x党的领导@x领导艺术
601 02 @a中国共产党
606 0  @a党的领导
606 0  @a领导艺术
690    @aC933.2@v4
701  0 @a赵晶@9zhao jing@4主编
801    @aCN@bTSTC@c20031202
905    @b329332@dC933.2@e135:2@f1
    
    怎样当好党委书记/赵晶主编.-北京:中国时代经济出版社,2002(2003重印)
    452页;20cm.-(实用领导艺术丛书)
    
    
    ISBN 7-80169-354-X:CNY28.00
    本书对党委书记自身的思想素质、本职工作,以及党委书记的领导艺术、用人原则、决策方法等进行了详细的说明。
●
相关链接 在E读中查询图书 在五车中查询图书 在当当中查询图书 在豆瓣中查询图书


正题名:怎样当好党委书记     索取号:C933.2/135:2         预约/预借

序号 登录号 条形码 馆藏地/架位号 状态 备注
1 0329332   203293328   第一样本阅览室/ [索取号:C933.2/135:2] 在馆    
唐山师范学院图书馆 欢迎您!
大连网信软件有限公司© 版权所有